Statistics for Toll Roads in Australia

Click here to take the quiz!

General Stats

  • This quiz has been taken 42 times
    (23 since last reset)
  • The average score is 13 of 21

Answer Stats

CityToll Road% Correct
SydneyHills Motorway (M2)
85%
SydneySouth Western Motorway (M5)
85%
SydneyWestConnex M4
85%
SydneyWestlink (M7)
85%
SydneyM8
80%
SydneySydney Harbour Tunnel
80%
MelbourneCityLink
75%
SydneySydney Harbour Bridge
75%
MelbourneEastLink
65%
SydneyNorthConnex
65%
SydneyCross City Tunnel
55%
SydneyLane Cove Tunnel
55%
BrisbaneClem7
45%
SydneyEastern Distributor
45%
BrisbaneGateway Motorway
45%
SydneyMilitary Road E-Ramps
45%
BrisbaneLegacy Way
40%
SydneyM5 East
40%
BrisbaneAirportLinkM7
35%
BrisbaneGo Between Bridge
35%
BrisbaneLogan Motorway
35%

Score Distribution

Percentile by Number Answered

Percent of People with Each Score

Your Score History

You have not taken this quiz since the last reset